| 000 | 00000nas 2200000za 4500 |
| 001 | 9.503347 |
| 003 | CaOODSP |
| 005 | 20250319163411 |
| 007 | cr ||||||||||| |
| 008 | 150406c1999||||xxc|| p o||||f| |0fre|d |
| 022 | |a1495-0103 |
| 040 | |aCaOODSP|bfre |
| 043 | |an-cn--- |
| 086 | 1 |aR32-107F-PDF |
| 110 | 1 |aCanada.|bAffaires indiennes et du Nord. |
| 245 | 10|aVous voulez savoir : |h[ressource électronique]|bles programmes et les services fédéraux destinés aux Indiens inscrits |
| 260 | |aOttawa - Ontario : |bAffaires indiennes et du Nord |
| 310 | |aIrrégulier |
| 362 | 1 |a1999-- |
| 691 | 07|aPremières nations|2gcpds |
| 775 | 08|tYou wanted to know : |w(CaOODSP)9.506952 |